[Event "Belgrade Spring op"]
[Site "Belgrade"]
[Date "2009.03.26"]
[Round "5"]
[White "Ristic, Slobodan B"]
[Black "Starcevic, Goran"]
[Result "1/2-1/2"]
[WhiteElo "2106"]
[BlackElo "2227"]
[PlyCount "126"]
[EventDate "2009.03.21"]
[EventType "swiss"]
[EventRounds "9"]
[EventCountry "YUG"]
[SourceTitle "CBM 129 Extra"]
[Source "ChessBase"]
[SourceDate "2009.05.05"]
[SourceVersion "2"]
[SourceVersionDate "2009.05.20"]
[SourceQuality "1"]

1. e4 e5 2. Nf3 Nc6 3. d4 exd4 4. Nxd4 Bc5 5. Be3 Qf6 6. c3 Nge7 7. Be2 d5 8. 0-0 Bb6 9. Nb5 Ne5 10. Bxb6 Qxb6 11. Qd4 Kd8 12. Qxe5 a6 13. Nxc7 Qxc7 14. Qxg7 Rg8 15. Qf6 Ke8 16. Bh5 Ng6 17. Bxg6 Rxg6 18. Qh4 Be6 19. Nd2 Kd7 20. exd5 Bxd5 21. Ne4 Rag8 22. Ng3 Qc6 23. Rad1 Kc8 24. f3 Bxa2 25. c4 Kb8 26. Rd8+ Rxd8 27. Qxd8+ Ka7 28. Qd4+ Ka8 29. c5 Rg8 30. b4 Be6 31. Ne4 h6 32. Ra1 Qb5 33. Nd6 Qe2 34. Qf2 Qe5 35. Re1 Qc3 36. b5 axb5 37. Nxb5 Qa5 38. Nd6 Bd5 39. Rd1 Bb3 40. Rb1 Qc3 41. Ne4 Qc2 42. Qxc2 Bxc2 43. Ra1+ Kb8 44. Nd6 Bb3 45. Re1 Be6 46. f4 h5 47. g3 h4 48. Kf2 hxg3+ 49. hxg3 Rh8 50. Re5 Rh2+ 51. Kg1 Rd2 52. f5 Bd5 53. g4 f6 54. Re8+ Kc7 55. Rf8 Rg2+ 56. Kf1 Rxg4 57. Rxf6 Rg3 58. Ke2 Rb3 59. Ne8+ Kd7 60. Ng7 Ke7 61. Rd6 Kf7 62. Rxd5 Kxg7 63. Rd2 Rb5 1/2-1/2

[Event "Belgrade Spring op"]
[Site "Belgrade"]
[Date "2009.03.24"]
[Round "4"]
[White "Ristic, Slobodan B"]
[Black "Markovic, Tamara"]
[Result "1-0"]
[WhiteElo "2106"]
[BlackElo "1571"]
[PlyCount "87"]
[EventDate "2009.03.21"]
[EventType "swiss"]
[EventRounds "9"]
[EventCountry "YUG"]
[SourceTitle "CBM 129 Extra"]
[Source "ChessBase"]
[SourceDate "2009.05.05"]
[SourceVersion "2"]
[SourceVersionDate "2009.05.20"]
[SourceQuality "1"]

1. e4 e5 2. Bc4 Nf6 3. d3 Nc6 4. Nc3 d6 5. Bg5 Be7 6. Nge2 0-0 7. 0-0 h6 8. Be3 Be6 9. h3 d5 10. exd5 Nxd5 11. Bxd5 Bxd5 12. f4 f6 13. Nxd5 Qxd5 14. Nc3 Qd7 15. f5 Bb4 16. Ne2 Ne7 17. Ng3 Nd5 18. Bf2 Nf4 19. Qf3 Qd5 20. Ne4 Rad8 21. Be3 Qc6 22. Bxf4 exf4 23. Rf2 Ba5 24. Kh1 Bb6 25. Re2 Qb5 26. Qxf4 Qxb2 27. Rf1 Qxa2 28. Qf3 Qf7 29. Ng3 c6 30. Qg4 Rd4 31. Re4 Re8 32. Rxd4 Bxd4 33. Qxd4 b6 34. Ne4 c5 35. Qa4 Rd8 36. Rf3 Rd4 37. Qc6 Qe7 38. Rg3 Kf7 39. Re3 Kf8 40. Kg1 Qd7 41. Qa8+ Kf7 42. Qh8 Qxf5 43. Nd6+ Rxd6 44. Qe8# 1-0

[Event "Belgrade Spring op"]
[Site "Belgrade"]
[Date "2009.03.21"]
[Round "1"]
[White "Nikolovska, Dragana"]
[Black "Ristic, Slobodan B"]
[Result "1/2-1/2"]
[WhiteElo "1688"]
[BlackElo "2106"]
[PlyCount "81"]
[EventDate "2009.03.21"]
[EventType "swiss"]
[EventRounds "9"]
[EventCountry "YUG"]
[SourceTitle "CBM 129 Extra"]
[Source "ChessBase"]
[SourceDate "2009.05.05"]
[SourceVersion "2"]
[SourceVersionDate "2009.05.20"]
[SourceQuality "1"]

1. e4 c5 2. c3 Nf6 3. e5 Nd5 4. Nf3 e6 5. d4 d6 6. Bb5+ Bd7 7. Bxd7+ Nxd7 8. 0-0 Qc7 9. Re1 Be7 10. exd6 Qxd6 11. Nbd2 cxd4 12. Ne4 Qb6 13. Nxd4 0-0 14. Qc2 Rac8 15. Nf3 h6 16. a3 f5 17. Ng3 Rf6 18. Qd2 Nc5 19. Nd4 Nb3 20. Nxb3 Qxb3 21. Re2 Rd8 22. Qe1 Nb4 23. Bg5 Nd3 24. Bxf6 Nxe1 25. Bxe7 Nf3+ 26. gxf3 Rd1+ 27. Rxd1 Qxd1+ 28. Kg2 f4 29. Rxe6 fxg3 30. hxg3 Qc2 31. Bb4 b6 32. Re8+ Kh7 33. Rb8 a5 34. Bf8 Qxb2 35. Rb7 Qxc3 36. Rxb6 Qc7 37. Rb2 g5 38. Re2 Qc6 39. Re3 h5 40. Re5 Qf6 41. Rxa5 1/2-1/2

[Event "Belgrade-ch"]
[Site "Belgrade"]
[Date "2009.02.01"]
[Round "9"]
[White "Bulatovic, Ilija"]
[Black "Ristic, Slobodan B"]
[Result "1/2-1/2"]
[WhiteElo "1897"]
[BlackElo "2106"]
[PlyCount "105"]
[EventDate "2009.01.24"]
[EventType "swiss"]
[EventRounds "9"]
[EventCountry "YUG"]
[SourceTitle "CBM 128 Extra"]
[Source "ChessBase"]
[SourceDate "2009.03.05"]
[SourceVersion "2"]
[SourceVersionDate "2009.03.25"]
[SourceQuality "1"]

1. e4 e5 2. Nf3 Nc6 3. Bb5 Nf6 4. 0-0 d6 5. d4 Bd7 6. Re1 Nxd4 7. Nxd4 exd4 8. Bxd7+ Qxd7 9. Qxd4 Be7 10. c4 0-0 11. Nc3 c6 12. Bg5 Rfd8 13. Rad1 Qg4 14. Be3 Nd7 15. h3 Qg6 16. f4 h6 17. Bf2 Qh5 18. Kh1 Bf8 19. Bg3 Qc5 20. Qd3 Nb6 21. b3 Qb4 22. Re3 Nd7 23. Na4 Qa5 24. Bh4 f6 25. Be1 Qc7 26. Qe2 Re8 27. Qg4 Rad8 28. Qf5 b6 29. Red3 Nc5 30. Nxc5 bxc5 31. Bc3 Qe7 32. Ba5 Rc8 33. Re1 Qf7 34. Rg3 Re6 35. Rg6 Rce8 36. Bc3 d5 37. e5 fxe5 38. Qxf7+ Kxf7 39. Rxe6 Rxe6 40. Rxe5 d4 41. Rf5+ Rf6 42. Rxf6+ Kxf6 43. Bd2 Kf5 44. Kg1 Bd6 45. g3 Ke4 46. Kf2 Kd3 47. Ke1 Kc2 48. g4 Kb2 49. Kd1 d3 50. f5 Kxa2 51. Bc3 Bf8 52. Kd2 Kxb3 53. Kxd3 1/2-1/2

[Event "Belgrade-ch"]
[Site "Belgrade"]
[Date "2009.01.29"]
[Round "6"]
[White "Ristic, Slobodan B"]
[Black "Jovic, Slavko"]
[Result "1-0"]
[WhiteElo "2106"]
[BlackElo "1870"]
[PlyCount "35"]
[EventDate "2009.01.24"]
[EventType "swiss"]
[EventRounds "9"]
[EventCountry "YUG"]
[SourceTitle "CBM 128 Extra"]
[Source "ChessBase"]
[SourceDate "2009.03.05"]
[SourceVersion "2"]
[SourceVersionDate "2009.03.25"]
[SourceQuality "1"]

1. e4 c5 2. Nf3 e6 3. Nc3 Nc6 4. d4 cxd4 5. Nxd4 Nf6 6. g4 Bb4 7. Bg2 d5 8. Ndb5 d4 9. a3 Ba5 10. b4 Nxb4 11. axb4 Bxb4 12. e5 Ng8 13. 0-0 dxc3 14. Qe2 Nh6 15. Bxh6 gxh6 16. Qc4 Ba5 17. Rfd1 Qb6 18. Rd6 1-0